| 000 | 00495nam a2200121Ia 4500 | ||
|---|---|---|---|
| 008 | 220214s9999 xx 000 0 und d | ||
| 100 | _aAkiyama Takamasa | ||
| 245 | 0 | _aEffective risk management strategies: Cases of Hedging by governments, firms and smallholders | |
| 260 |
_bPaper prepared for the Roundtable discussion on New Approaches to Commodity Price Risk Management in Developing Countries, Washington DC, April 1998 _c1998 |
||
| 300 | _a39p | ||
| 700 | _aChristian Jeffrey | ||
| 942 | _cRE | ||
| 999 |
_c46330 _d46330 |
||